NPB プロ野球(2024) セーブを記録した投手名 - Statistics

General Stats
  • This quiz has been taken 268 times
  • The average score is 24 of 59
Answer Stats
球団名 セーブ数 投手名 % Correct
巨人 29 (2) 大勢
94%
中日 43 R.マルティネス
92%
阪神 23 岩崎優
90%
広島 38 栗林良吏
84%
ソフトバンク 24 (3) R.オスナ
83%
ロッテ 25 (1) 益田直也
81%
DeNA 4 山﨑康晃
80%
日本ハム 20 田中正義
79%
楽天 32 則本昂大
77%
DeNA 29 (5) 森原康平
73%
ソフトバンク 14 松本裕樹
65%
阪神 1 石井大智
60%
オリックス 23 A.マチャド
60%
ヤクルト 7 田口麗斗
59%
ヤクルト 2 清水昇
54%
中日 1 清水達也
54%
西武 28 A.アブレイユ
53%
オリックス 7 平野佳寿
52%
阪神 14 J.ゲラ
52%
DeNA 1 中川颯
50%
ソフトバンク 1 杉山一樹
49%
巨人 9 A.バルドナード
49%
ヤクルト 5 石山泰稚
47%
巨人 1 K.ケラー
43%
ヤクルト 11 小澤怜史
42%
ソフトバンク 1 藤井皓哉
41%
ソフトバンク 3 D.ヘルナンデス
40%
DeNA (1) 伊勢大夢
38%
ヤクルト 1 大西広樹
36%
日本ハム 8 柳川大晟
36%
日本ハム 1 齋藤友貴哉
36%
日本ハム (1) 宮西尚生
36%
楽天 1 藤平尚真
35%
広島 2 T.ハーン
35%
ヤクルト 5 木澤尚文
34%
ロッテ 3 横山陸人
32%
広島 1 河野佳
30%
ロッテ 1 澤村拓一
30%
オリックス 4 L.ペルドモ
28%
DeNA 1 R.ウィック
28%
ヤクルト 1 山本大貴
25%
広島 1 高橋昂也
23%
ヤクルト 1 星知弥
23%
楽天 1 鈴木翔天
23%
ロッテ 5 鈴木昭汰
22%
巨人 1 泉圭輔
17%
巨人 1 西舘勇陽
15%
DeNA 1 佐々木千隼
15%
楽天 1 西垣雅矢
15%
日本ハム 1 A.ザバラ
15%
日本ハム 3 杉浦稔大
14%
ロッテ 1 国吉佑樹
14%
ヤクルト 1 E.ロドリゲス
14%
ロッテ 1 菊地吏玖
12%
阪神 1 岡留英貴
10%
ソフトバンク 1 岩井俊介
9%
日本ハム 1 生田目翼
9%
楽天 1 N.ターリー
9%
ロッテ 1 廣畑敦也
7%
No matching quizzes found
Score Distribution
Percent of People with Each Score
Percentile by Number Answered
Your Score History
You have not taken this quiz